Churchill's pocketbooks of orthopaedics, trauma and rheumatology (second edition) (Record no. 30975)

MARC details
000 -LEADER
fixed length control field 00836nam a2200217 a 4500
008 - FIXED-LENGTH DATA ELEMENTS--GENERAL INFORMATION
fixed length control field 191202s2017 ||||||||||||||||| || u
020 ## - INTERNATIONAL STANDARD BOOK NUMBER
International Standard Book Number 9780702063183
050 ## - LIBRARY OF CONGRESS CALL NUMBER
Classification number RD 731 Duc
100 ## - MAIN ENTRY--PERSONAL NAME
Personal name Ralston, Stuart H
245 10 - TITLE STATEMENT
Title Churchill's pocketbooks of orthopaedics, trauma and rheumatology (second edition)
Statement of responsibility, etc. By Andrew D. Duckworth ; Daniel E. Porter ; Stuart H. Ralston
250 ## - EDITION STATEMENT
Edition statement 2nd edition
260 ## - PUBLICATION, DISTRIBUTION, ETC.
Place of publication, distribution, etc. Edinburgh
Name of publisher, distributor, etc. Elsevier
Date of publication, distribution, etc. 2017
300 ## - PHYSICAL DESCRIPTION
Extent x, 310 pages : illustrations
350 ## -
-- 44.99
650 ## - SUBJECT ADDED ENTRY--TOPICAL TERM
Topical term or geographic name entry element RHEUMATOLOGY
650 #0 - SUBJECT ADDED ENTRY--TOPICAL TERM
Topical term or geographic name entry element ORTHOPEDICS
650 ## - SUBJECT ADDED ENTRY--TOPICAL TERM
Topical term or geographic name entry element TRAUMATOLOGY
700 ## - ADDED ENTRY--PERSONAL NAME
Personal name Porter, Daniel E
700 ## - ADDED ENTRY--PERSONAL NAME
Personal name Duckworth, Andrew D
995 ## -
-- MEDICAL LIBRARY OPEN ACCESS
-- 904556
-- CBU-SCHOOL OF MEDICINE LIBRARY (Ndola)
-- 44.99
-- RD 731 Duc
-- 1
-- AVAILABLE
-- Dec 5, 2019
-- 904556
-- Main Library Open Access Collection
999 ## -
-- 30975
-- 30975
Holdings
Withdrawn status Lost status Source of classification or shelving scheme Damaged status Not for loan Permanent Location Current Location Shelving location Date acquired Total Checkouts Full call number Barcode Date last seen Price effective from Koha item type
          CBU-SCHOOL OF MEDICINE LIBRARY, NDOLA. CBU-SCHOOL OF MEDICINE LIBRARY, NDOLA.   11/30/2022   RD 731 Duc 904556 11/30/2022 11/30/2022 MONOGRAPH